A revolution in taste : (Record no. 641)

000 -LEADER
fixed length control field 02289nam a22004577a 4500
001 - CONTROL NUMBER
control field 15227117
003 - CONTROL NUMBER IDENTIFIER
control field OSt
005 - DATE AND TIME OF LATEST TRANSACTION
control field 20210421062822.0
008 - FIXED-LENGTH DATA ELEMENTS--GENERAL INFORMATION
fixed length control field 080320s2009 enka b 001 0 eng
010 ## - LIBRARY OF CONGRESS CONTROL NUMBER
LC control number 2008012310
020 ## - INTERNATIONAL STANDARD BOOK NUMBER
International Standard Book Number 9780521821995 (hardback)
020 ## - INTERNATIONAL STANDARD BOOK NUMBER
International Standard Book Number 0521821991 (hardback)
035 ## - SYSTEM CONTROL NUMBER
System control number (OCoLC)ocn213601196
035 ## - SYSTEM CONTROL NUMBER
System control number (OCoLC)213601196
Canceled/invalid control number (OCoLC)231581042
040 ## - CATALOGING SOURCE
Original cataloging agency DLC
Transcribing agency DLC
Modifying agency BAKER
-- BTCTA
-- YDXCP
-- OCLCG
-- C#P
-- BWX
-- CDX
-- BWK
-- EYE
-- DLC
Language of cataloging eng
041 ## - LANGUAGE CODE
Language code of text/sound track or separate title eng
043 ## - GEOGRAPHIC AREA CODE
Geographic area code e-fr---
050 00 - LIBRARY OF CONGRESS CALL NUMBER
Classification number TX719
Item number .P56 2009
080 ## - UNIVERSAL DECIMAL CLASSIFICATION NUMBER
Universal Decimal Classification number 641
Item number P-65
082 00 - DEWEY DECIMAL CLASSIFICATION NUMBER
Classification number 394.1/20944
Edition number 22
100 1# - MAIN ENTRY--PERSONAL NAME
Personal name Pinkard, Susan,
Dates associated with a name 1953-
245 12 - TITLE STATEMENT
Title A revolution in taste :
Remainder of title the rise of French cuisine, 1650-1800 /
Statement of responsibility, etc. Susan Pinkard.
260 ## - PUBLICATION, DISTRIBUTION, ETC.
Place of publication, distribution, etc. Cambridge ;
-- New York :
Name of publisher, distributor, etc. Cambridge University Press,
Date of publication, distribution, etc. 2009.
300 ## - PHYSICAL DESCRIPTION
Extent xv, 317 p. :
Other physical details ill. ;
Dimensions 24 cm.
504 ## - BIBLIOGRAPHY, ETC. NOTE
Bibliography, etc. note Includes bibliographical references (p. 293-306) and index.
505 0# - FORMATTED CONTENTS NOTE
Formatted contents note Part I. Before the Culinary Revolution -- 1. The ancient roots of medieval cooking -- 2. Opulence and misery in the Renaissance -- Part II. Towards a New Culinary Aesthetic -- 3. Foundations of change, 1600-1650 -- 4. The French kitchen in the 1650s -- 5. Refined consumption, 1660-1735 -- Part III. Cooking, Eating, and Drinking in the Enlightenment, 1735-1789 -- 6. Simplicity and authenticity -- 7. The revolution in wine.
650 #0 - SUBJECT ADDED ENTRY--TOPICAL TERM
Topical term or geographic name entry element Cooking, French
General subdivision History
Chronological subdivision 17th century.
650 #0 - SUBJECT ADDED ENTRY--TOPICAL TERM
Topical term or geographic name entry element Cooking
9 (RLIN) 467
650 #0 - SUBJECT ADDED ENTRY--TOPICAL TERM
Topical term or geographic name entry element Culinary
9 (RLIN) 468
650 #0 - SUBJECT ADDED ENTRY--TOPICAL TERM
Topical term or geographic name entry element Cooking, French
General subdivision History
Chronological subdivision 18th century.
650 #0 - SUBJECT ADDED ENTRY--TOPICAL TERM
Topical term or geographic name entry element Food habits
Geographic subdivision France
General subdivision History
Chronological subdivision 17th century.
650 #0 - SUBJECT ADDED ENTRY--TOPICAL TERM
Topical term or geographic name entry element Food habits
Geographic subdivision France
General subdivision History
Chronological subdivision 18th century.
653 ## - INDEX TERM--UNCONTROLLED
Uncontrolled term კულინარია
653 ## - INDEX TERM--UNCONTROLLED
Uncontrolled term ფრანგული სამზარეულო
856 42 - ELECTRONIC LOCATION AND ACCESS
Materials specified Contributor biographical information
Uniform Resource Identifier <a href="http://www.loc.gov/catdir/enhancements/fy0834/2008012310-b.html">http://www.loc.gov/catdir/enhancements/fy0834/2008012310-b.html</a>
856 42 - ELECTRONIC LOCATION AND ACCESS
Materials specified Publisher description
Uniform Resource Identifier <a href="http://www.loc.gov/catdir/enhancements/fy0834/2008012310-d.html">http://www.loc.gov/catdir/enhancements/fy0834/2008012310-d.html</a>
856 41 - ELECTRONIC LOCATION AND ACCESS
Materials specified Table of contents only
Uniform Resource Identifier <a href="http://www.loc.gov/catdir/enhancements/fy0834/2008012310-t.html">http://www.loc.gov/catdir/enhancements/fy0834/2008012310-t.html</a>
906 ## - LOCAL DATA ELEMENT F, LDF (RLIN)
a 7
b cbc
c orignew
d 1
e ecip
f 20
g y-gencatlg
942 ## - ADDED ENTRY ELEMENTS (KOHA)
Source of classification or shelving scheme
Koha item type Books
Edition 1
Holdings
Withdrawn status Lost status Source of classification or shelving scheme Damaged status Not for loan Permanent location Current location Date acquired Inventory number Total Checkouts Full call number Barcode Date last seen Price effective from Koha item type
          Ken Walker International University Ken Walker International University 12/15/2020 822   641 P-65 822 12/15/2020 12/15/2020 Books

Powered by Koha